banner koha

Filmes compostos de gelatina, triacetina, ácido esteárico ou capróico: efeito do pH e da adição de surfactantes sobre a funcionalidade dos filmes (Registro n. 189866)

MARC details
000 -LÍDER
campo de controle de tamanho fixo 00852nas a2200265 4500
001 - NÚMERO DE CONTROLE
campo de controle BR0703753
003 - IDENTIFICADOR DO NÚMERO DE CONTROLE
campo de controle BR-BrBNA
005 - DATA E HORÁRIO DA ÚLTIMA TRANSAÇÃO
campo de controle 20231205110936.0
007 - CAMPO FIXO DE DESCRIÇÃO FÍSICA--INFORMAÇÃO GERAL
campo de controle de tamanho fixo ta
008 - CAMPO DE DADOS FIXOS--INFORMAÇÃO GERAL
campo de controle de tamanho fixo 230509b bl.|||p| |||| 00| 00por d
040 ## - FONTE DA CATALOGAÇÃO
Instituição da catalogação original BR-BrBNA
Idioma da catalogação por
Instituição que transcreveu o registro Biblioteca Nacional de Agricultura
041 ## - CÓDIGO DE IDIOMA
Código do idioma do texto/trilha sonora ou título diferente (Pt)
072 ## - CÓDIGO DE CATEGORIA DE ASSUNTO
Código de Categoria de Assunto E80
100 1# - ENTRADA PRINCIPAL--NOME PESSOAL
Nome pessoal Davanço, T.
100 1# - ENTRADA PRINCIPAL--NOME PESSOAL
Nome pessoal Tanada-Palmu, P.
100 1# - ENTRADA PRINCIPAL--NOME PESSOAL
Nome pessoal Grosso, C.
245 1# - TÍTULO
Título Filmes compostos de gelatina, triacetina, ácido esteárico ou capróico: efeito do pH e da adição de surfactantes sobre a funcionalidade dos filmes
650 ## - ASSUNTO--TERMO TÓPICO
Cabeçalho tópico ou nome geográfico EMBALAGEM
650 ## - ASSUNTO--TERMO TÓPICO
Cabeçalho tópico ou nome geográfico BIOFILME
650 ## - ASSUNTO--TERMO TÓPICO
Cabeçalho tópico ou nome geográfico GELATINA
650 ## - ASSUNTO--TERMO TÓPICO
Cabeçalho tópico ou nome geográfico PH
773 0# - ENTRADA ANALÍTICA
Título Ciência e Tecnologia de Alimentos (Brazil)
ISSN - International Standard Serial Number ISSN 0101-2061
Partes relacionadas (Apr-Jun 2007), v. 27(2) p. 408-416
Número de controle do registro BR0703753
909 ## -
-- 202311
-- Lúcia
-- 55
-- Lúcia Elande
942 ## - ELEMENTOS DE ENTRADA ADICIONADOS (KOHA)
Fonte da classificação ou esquema de arquivamento na estante Classificação AGRIS
Ocultar no OPAC Não
Tipo de material Koha Analítica
Exemplares
Situação do descarte Fonte da classificação ou esquema de arquivamento na estante Situação física Não pode ser emprestado Biblioteca de origem Biblioteca atual Localização na estante Enumeração do periódico / cronologia Total de empréstimos Data de último acesso Número do exemplar Tipo de material Koha Fonte de aquisição
  Classificação AGRIS   Consulta local Biblioteca Nacional de Agricultura - Binagri Biblioteca Nacional de Agricultura - Binagri   (Apr-Jun 2007), v. 27(2) p. 408-416   29/11/2023 01 Periódicos Portaria Interministerial nº 164/94

BINAGRI

Telefone: (61)3218-2567/2388/3357/2097 - binagri@agro.gov.br

Ministério da Agricultura e Pecuária , Esplanada dos Ministérios, Bloco D, Anexo B, Brasília/DF, CEP: 70.043-900